Obras completas / (Record no. 135121)
[ view plain ]
| 000 -LEADER | |
|---|---|
| campo de control de longitud fija | 01191nam a2200229 i 4500 |
| 001 - NÚMERO DE CONTROL | |
| campo de control | 135121 |
| 003 - IDENTIFICADOR DE NÚMERO DE CONTROL | |
| campo de control | ES-MaACL |
| 005 - FECHA Y HORA DE LA ÚLTIMA TRANSACCIÓN | |
| campo de control | 20250406183019.0 |
| 007 - CAMPO FIJO DE DESCRIPCIÓN FÍSICA--INFORMACIÓN GENERAL | |
| campo de control de longitud fija | t| |
| 008 - DATOS DE LONGITUD FIJA--INFORMACIÓN GENERAL | |
| campo de control de longitud fija | 070710m19551956sp ac |||| |bspa d |
| 080 ## - NÚMERO DE LA CLASIFICACIÓN DECIMAL UNIVERSAL | |
| Número de la Clasificación Decimal Universal | 821.161.1-82"18" |
| 100 1# - ENTRADA PRINCIPAL--NOMBRE DE PERSONA | |
| Nombre de persona | Tolstói, Lev, |
| Fechas asociadas al nombre | 1828-1910 |
| 9 (RLIN) | 110489 |
| 245 10 - MENCIÓN DEL TÍTULO | |
| Título | Obras completas / |
| Mención de responsabilidad, etc. | León Nikolaievich Tolstoi ; versión directa del ruso, prólogo biográfico y notas por Irene y Laura Andresco ; con un estudio grafológico del autor por Matilde Ras y 22 ilustraciones. |
| 260 ## - PUBLICACIÓN, DISTRIBUCIÓN, ETC. | |
| Lugar de publicación, distribución, etc. | Madrid : |
| Nombre del editor, distribuidor, etc. | Aguilar, |
| Fecha de publicación, distribución, etc. | [1955-1956] |
| 300 ## - DESCRIPCIÓN FÍSICA | |
| Extensión | 2 v. : |
| Otras características físicas | il., retr. ; |
| Dimensiones | 18 cm. |
| 505 8# - NOTA DE CONTENIDO CON FORMATO | |
| Nota de contenido con formato | Contiene: t. 1. Teatro: ; |
| Título | El poder de las tinieblas ; |
| -- | Los frutos de la civilización ; |
| -- | El vagabundo ; |
| -- | El mujik y el obrero ; |
| -- | El cadáver viviente. Novela: ; |
| -- | Infancia, adolescencia y juventud ; |
| -- | Felicidad conyugal ; |
| -- | Los decembristas ; |
| -- | Guerra y paz ; |
| -- | Resurrección - t. 2 ; |
| -- | Ana Karenina ; |
| -- | La sonata a Kreutzer ; |
| -- | Hadji Murat. Cuentos. Páginas autobiográficas |
| 700 1# - ENTRADA AGREGADA--NOMBRE PERSONAL | |
| Nombre de persona | Andresco, Irene. |
| 9 (RLIN) | 21625 |
| 700 1# - ENTRADA AGREGADA--NOMBRE PERSONAL | |
| Nombre de persona | Andresco, Laura. |
| 9 (RLIN) | 21626 |
| 700 1# - ENTRADA AGREGADA--NOMBRE PERSONAL | |
| Nombre de persona | Ras, Matilde, |
| Fechas asociadas al nombre | 1881-1969 |
| 9 (RLIN) | 95477 |
| 852 ## - LOCALIZACIÓN | |
| Ubicación | ES-MaACL |
| Número de control de estantería | C-10663-64 |
| Estatus retirado | Estado de pérdida | Estado de daño | No para préstamo | Biblioteca de origen | Biblioteca actual | Ubicación en estantería | Fecha de adquisición | Fuente de adquisición | Total de préstamos | Signatura topográfica completa | Código de barras | Visto por última vez | Precio de reemplazo | Tipo de ítem Koha |
|---|---|---|---|---|---|---|---|---|---|---|---|---|---|---|
| Biblioteca del Ateneo de Madrid | Biblioteca del Ateneo de Madrid | Sala Palomar | 17/01/2008 | C-10663-64 | 1140639 | 23/02/2023 | 23/02/2023 | Libro impreso |
